000 01201cam a2200301 a 4500
999 _c4611
_d4611
001 708476
003 GZU
005 20210317085027.0
008 970416s1997 enka b 001 0 eng
010 _a 97018728
020 _a0415162815 (pbk. : alk. paper)
035 _a(DLC) 97018728
040 _aDLC
_cDLC
_dDLC
050 0 0 _aPB35
_b.PAC 1997
082 0 0 _a418/.0071/2
_221
100 1 _aPachler, Norbert.
245 1 0 _aLearning to teach modern foreign languages in the secondary school :
_ba companion to school experience /
_cNorbert Pachler and Kit Field.
246 3 0 _aModern foreign languages
260 _aLondon ;
_aNew York :
_bRoutledge,
_c1997.
300 _axxiv, 392 p. :
_bill. ;
_c24 cm.
440 0 _aLearning to teach subjects in the secondary school series
504 _aIncludes bibliographical references (p. [370]-385) and index.
650 0 _aLanguages, Modern
_xStudy and teaching (Secondary)
700 1 _aField, Kit.
906 _a7
_bcbc
_corignew
_d1
_eocip
_f19
_gy-gencatlg
942 _2lcc
_cBK
_h35
_iPAC
_kPB